00757cam a22002177a 4500003000500000005001700005008004100022010001000063011001000073035001000083040000900093100003700102245010100139260004100240300001100281502008400292530003600376650004900412650001500461856006300476CHAP20220329142746.0030611s2003 mx r 00010 spa d a87355 a88327 a98872 cCHAP00aUrbalejo Guerra, Carlos Vicente.13aLa conversión religiosa del indígena Tzotzil en Chiapasc/por Carlos Vicente Urbalejo Guerra aChapingo, Méx. :bEl autor,c2003. a481 h. aTesis (Doctor en Ciencias Agrarias) -- UACH. Departamento de Sociología Rural aTambién disponible en línea14aIndios de ChiapasxReligión y mitología.14aTzotziles. 2Finding aiduhttp://10.13.5.2/tesis/98872.pdfzTeclea aqui